00536 2200181 4500245005600000020002200056250001100078100001900089700001700108700001200125650002400137005001900161260011900180041001400299084001200313300002000325336000900345 aRumah Gadang yang Tahan GempacGantino HabibihText a978-602-437-268-2 aCet. 1 aGantino Habibi aPuji Santosa aCariwan aRumah Adat Sulawesi a20241104113501 aJakartabBadan Pengembangan dan Pembinaan Bahasa, Kementerian Pendidikan dan Kebudayaan, Republik Indonesia.c2017 aIndonesia a728.095 aviii :c55 hlm. atext